000 00497nam a22001577a 4500
003 OSt
008 260429b |||||||| |||| 00| 0 eng d
082 _a634.44
_bM29E
100 _aMandal, Jagannath
245 _aEffect of Different Age and Height of Root Stock on Success of Soft Wood Grafting in Different Cultivators of Mango (Mangifera Indica L.)
260 _aPusa, Samastipur
_bRAU
_c2009
300 _a70P.
502 _bMsc.
_d2010
650 _aFruit & Fruit Technology
942 _2ddc
_cT
999 _c50260
_d50260